|
|
|
|
| LEADER |
00000nam a2200000Ia 4500 |
| 008 |
160519b2011 m ||||| |||| 00| | spa d |
| 020 |
|
|
|a 9786070043680
|
| 090 |
|
|
|a 13.09.09
|b 2060
|
| 100 |
1 |
|
|a Landaverde, José Pedro
|9 1804
|
| 245 |
1 |
3 |
|a El desafío del maestro en el siglo XXI /
|c José Pedro Landaverde; Leonardo Kourchenko
|
| 260 |
|
|
|a México :
|b Imu ediciones,
|c 2011
|
| 300 |
|
|
|a 141 páginas
|
| 650 |
1 |
4 |
|a DOCENTES
|9 331
|
| 650 |
1 |
4 |
|a CONSTRUCTIVISMO (EDUCACIÓN)
|9 419
|
| 650 |
1 |
4 |
|a CONDUCTISMO
|9 1805
|
| 650 |
1 |
4 |
|a PERFIL PROFESIONAL
|9 1698
|
| 650 |
1 |
4 |
|a COMPETENCIA
|9 345
|
| 650 |
1 |
4 |
|a INTELIGENCIAS MÚLTIPLES
|9 1806
|
| 700 |
1 |
|
|9 1807
|a Kourchenko, Leonardo
|
| 942 |
|
|
|i 003267
|h 13.09.09 2060
|2 z
|c 01
|
| 999 |
|
|
|c 471
|d 471
|